| 000 | 00622nam a2200169 i 4500 | ||
|---|---|---|---|
| 001 | 151864 | ||
| 003 | ES-MaACL | ||
| 005 | 20230910063054.0 | ||
| 008 | 990315s1886 sp |||| | spa d | ||
| 100 | 1 |
_aBenito y Endara, Lorenzo, _d1855-1932 _927698 |
|
| 245 | 1 | 3 |
_aLa administración pública / _cpor Lorenzo Benito y de Endara. |
| 260 |
_aMadrid : _b[s.n.], _c1886 ( _fImp. de la Revista de Legislación, a cargo de M. Ramos) |
||
| 300 |
_a23 p. ; _c21 cm. |
||
| 650 | 4 |
_aAdministración pública. _99646 |
|
| 852 |
_aES-MaACL _jT-472-F-7 _z- Enc. hol. _z- Enc. en un vol. facticio |
||
| 999 |
_c151864 _d151864 |
||